Pôsobenie Slovenskej republiky v rozšírenej Európskej únii diplomová práca

Salvato in:
Dettagli Bibliografici
Autore principale: Daniláková, Adriána
Ente Autore: Fakulta medzinárodných vzťahov EU. Katedra medzinárodných politických vzťahov
Altri autori: Weiss, Peter
Natura: Libro
Lingua:slovacco
Pubblicazione: Bratislava 2008
Tags: Aggiungi Tag
Nessun Tag, puoi essere il primo ad aggiungerne!!

MARC

LEADER 00000nam$a2200000$$$4500
001 0075918
005 20230228081858.3
041 0 |a slo 
044 |a SK 
245 1 0 |a Pôsobenie Slovenskej republiky v rozšírenej Európskej únii  |b diplomová práca  |c Adriána Daniláková ; škol. Peter Weiss 
264 1 |a Bratislava  |c 2008 
300 |a 72 s. 
100 1 |a Daniláková, Adriána 
700 1 |a Weiss, Peter 
710 2 |a Fakulta medzinárodných vzťahov EU. Katedra medzinárodných politických vzťahov